000 00646nam 22002173 4500
001 200840
010 _a978-989-95566-0-7
021 _aPT
_b264 682/07
090 _a200840
100 _a20260227d u||y0pory50 ba
101 _apor
102 _aPT
200 _aGui
_ee o Natal Verde no Planeta Azul
_fSandra Serra
210 _a[S. L.]
_cEsperal Inversa
_d2007
215 _a[36] p. : todo il.
_cEncadernado
_d16 x 22 cm
606 _922
_aLiteratura Infantil Portuguesa
675 _a821.134.3-93/SER/GUI
_vPT
_zpor
700 _9605
_aSerra
_bSandra
_f1968-
801 _aPT
_bBMMN
_gRPC
830 _cCarlos Pinto
_d27-02-2026
_fCarlos Pinto
990 _cLIVROS